NHL teams in Canda - Statistics

General Stats
  • This quiz has been taken 49 times
  • The average score is 6 of 7
Answer Stats
Picture Answer % Correct
Toronto Maple Leafs
98%
Montreal Canadiens
93%
Edmonton Oilers
91%
Vancouver Canucks
91%
Calgary Flames
87%
Winnipeg Jets
87%
Ottawa Senators
84%
No matching quizzes found
Score Distribution
Percent of People with Each Score
Percentile by Number Answered
Your Score History
You have not taken this quiz